|
|
|
|
| LEADER |
00584cam a2200193ua 4500 |
| 020 |
|
|
|a 8121903777
|
| 020 |
|
|
|a 9788121903776
|
| 082 |
|
|
|a 346.07
|b GOG/T
|
| 100 |
|
|
|a Gogna, P.P.S
|
| 245 |
0 |
0 |
|a Textbook of Mercantile Law /
|
| 250 |
|
|
|a 2nd rev. ed.
|
| 260 |
|
|
|a New Delhi:
|b S.Chand,
|c 1999.2009
|
| 300 |
|
|
|a viii,794p..
|
| 650 |
|
|
|a Mercantile law
|
| 650 |
0 |
|
|a Law
|
| 700 |
0 |
2 |
|a Gogna, P.P.S.,
|
| 942 |
|
|
|c BK
|
| 999 |
|
|
|c 40883
|d 40883
|
| 952 |
|
|
|0 0
|1 0
|4 0
|6 346_070000000000000_GOGT
|7 0
|8 Stack
|9 44034
|a KUCL
|b KUCL
|c Stack
|d 2016-07-25
|g 300.00
|l 0
|o 346.07 GOG/T
|p 42107
|r 2016-07-25
|w 2016-07-25
|y BK
|